Dane podnikateľských subjektov zbierka zadaných úloh a príkladov
Guardado en:
| Autor principal: | |
|---|---|
| Autor Corporativo: | |
| Otros Autores: | , , , |
| Formato: | Libro |
| Lenguaje: | eslovaco |
| Publicado: |
Bratislava
Vydavateľstvo EKONÓM
2006
|
| Materias: | |
| Etiquetas: |
Sin Etiquetas, Sea el primero en etiquetar este registro!
|
MARC
| LEADER | 00000nam$a2200000$$$4500 | ||
|---|---|---|---|
| 001 | 0043245 | ||
| 005 | 20240502071519.3 | ||
| 020 | |a 80-225-2132-9 | ||
| 041 | 0 | |a slo | |
| 044 | |a SK | ||
| 245 | 1 | 0 | |a Dane podnikateľských subjektov |b zbierka zadaných úloh a príkladov |c Gizela Lénártová, Ivona Ďurinová, Katarína Vavrová |
| 264 | 1 | |a Bratislava |b Vydavateľstvo EKONÓM |c 2006 | |
| 300 | |a 67 s. | ||
| 610 | 2 | 0 | |a dane |
| 610 | 2 | 0 | |a podnikanie |
| 610 | 2 | 0 | |a dane z príjmov |
| 610 | 2 | 0 | |a osoby fyzické |
| 610 | 2 | 0 | |a výdavky daňové |
| 610 | 2 | 0 | |a osoby právnické |
| 610 | 2 | 0 | |a dane z hodnoty pridanej |
| 610 | 2 | 0 | |a priznania daňové |
| 610 | 2 | 0 | |a dane z nehnuteľností |
| 610 | 2 | 0 | |a Slovensko |
| 100 | 1 | |a Lénártová, Gizela | |
| 700 | 1 | |a Ďurinová, Ivona, 1964- | |
| 700 | 1 | |a Vavrová, Katarína, 1960- | |
| 700 | 1 | |a Fetisovová, Elena | |
| 700 | 1 | |a Plešková, Adriana | |
| 710 | 2 | |a Ekonomická univerzita v Bratislave. Fakulta podnikového manažmentu | |